Nelson essentials of pediatrics
The Third Edition of this resource features a review of all the common and uncommon disorders in children. It distils the outstanding features of the bestselling Nelson Textbook of Pediatrics, 15th Edition into a clinically-orientated reference.
Đã lưu trong:
| Formáid: | Leabhar |
|---|---|
| Teanga: | Undetermined |
| Foilsithe: |
Philadelphia
S. W. Saunder Co.
1990
|
| Ábhair: | |
| Clibeanna: |
Cuir Clib Leis
Gan Chlibeanna, Bí ar an gcéad duine leis an taifead seo a chlibeáil!
|
| Thư viện lưu trữ: | Trung tâm Học liệu Trường Đại học Cần Thơ |
|---|
| LEADER | 00777nam a2200193Ia 4500 | ||
|---|---|---|---|
| 001 | CTU_158378 | ||
| 008 | 210402s9999 xx 000 0 und d | ||
| 020 | |c 24.99 | ||
| 082 | |a 618.92 | ||
| 082 | |b N432 | ||
| 245 | 0 | |a Nelson essentials of pediatrics | |
| 245 | 0 | |c [ Edited by ] Richard E. Behrman, Robert Kliegman | |
| 260 | |a Philadelphia | ||
| 260 | |b S. W. Saunder Co. | ||
| 260 | |c 1990 | ||
| 520 | |a The Third Edition of this resource features a review of all the common and uncommon disorders in children. It distils the outstanding features of the bestselling Nelson Textbook of Pediatrics, 15th Edition into a clinically-orientated reference. | ||
| 650 | |a Pediatrics,Khoa nhi | ||
| 904 | |i Anh Tho,QHieu | ||
| 980 | |a Trung tâm Học liệu Trường Đại học Cần Thơ | ||